|
|
|
|
| LEADER |
01174cam a2200265 7i4500 |
| 001 |
0000078799 |
| 005 |
20230725090000.0 |
| 020 |
|
|
|a 9781003155799 (electronic book)
|
| 090 |
0 |
0 |
|a QA76.88
|b .C94 2022
|
| 245 |
0 |
0 |
|a Cybersecurity and high-performance computing environments :
|b integrated innovations, practices, and applications
|c edited by Kuan-Ching Li [and three others].
|
| 264 |
|
|
|a Boca Raton, FL:
|b CRC Press,
|c 2022.
|
| 300 |
|
|
|a 1 online resource (373 pages):
|b illustrations, text file PDF.
|
| 336 |
|
|
|a text
|2 rdacontent
|
| 337 |
|
|
|a computer
|2 rdamedia
|
| 338 |
|
|
|a online resource
|2 rdacarrier
|
| 650 |
|
0 |
|a High performance computing --
|x Security measures
|
| 650 |
|
0 |
|a Computer security --
|x Data processing
|
| 650 |
|
0 |
|a High performance computing
|
| 655 |
|
0 |
|a Electronic books
|
| 700 |
1 |
|
|a Li, Kuan-Ching
|
| 856 |
4 |
2 |
|u http://library.unisel.edu.my/web/guest/mylibrary
|
| 997 |
|
|
|a Communication, Visual Art & Computing, Faculty
|b Computing, Department
|
| 998 |
|
|
|a Computer Science (Network Security and Digital Forensic), Degree
|
| 999 |
|
|
|a EBO0020800
|b EBOOK
|c EBOOK
|e Electronic resources
|
| 999 |
|
|
|a EBO0020966
|b EBOOK
|c EBOOK
|e Electronic resources
|